书目信息 |
| 题名: |
中国神州
|
|
| 作者: | ;中国宇航学会 编 | |
| 分册: | ||
| 出版信息: | 北京 科学出版社 2003.10 |
|
| 页数: | 112页 | |
| 开本: | 26cm | |
| 丛书名: | 探索者系列 | |
| 单 册: | ||
| 中图分类: | V476.2 | |
| 科图分类: | ||
| 主题词: | 载人航天器--zai ren hang tian qi--普及读物 | |
| 电子资源: | ||
| ISBN: | 7-03-012349-2 | |
| 000 | 00910nam 2200253 450 | |
| 001 | 012008525774 | |
| 005 | 20080421085855.32 | |
| 010 | @a7-03-012349-2@dCNY28.00 | |
| 100 | @a20080419d2003 em y0chiy0120 ea | |
| 101 | 0 | @achi |
| 102 | @aCN@b110000 | |
| 105 | @aac z 000yy | |
| 106 | @ar | |
| 200 | 1 | @a中国神州@Azhong guo shen zhou@f中国宇航学会编@Fzhong guo yu hang xue hui bian |
| 210 | @a北京@c科学出版社@d2003.10 | |
| 215 | @a112页@c图, 肖像@d26cm | |
| 225 | 2 | @a探索者系列@Atan suo zhe xi lie |
| 330 | @a全书以我国在载人航天领域取得的辉煌成就为主线,介绍了相关知识和最新进展,包括神舟号载人飞船、长征系列运载火箭、中国航天员、中国航天港及天空试验等。 | |
| 410 | 0 | @12001 @a探索者系列 |
| 606 | 0 | @a载人航天器@Azai ren hang tian qi@j普及读物 |
| 690 | @aV476.2@v4 | |
| 711 | 02 | @a中国宇航学会@Azhong guo yu hang xue hui@4编 |
| 801 | 0 | @aCN@bQSSK@c20080421 |
| 905 | @b293871-73@dV476.2@eZ655@f3 | |
| 中国神州/中国宇航学会编.-北京:科学出版社,2003.10 |
| 112页:图, 肖像;26cm.-(探索者系列) |
| ISBN 7-03-012349-2:CNY28.00 |
| 全书以我国在载人航天领域取得的辉煌成就为主线,介绍了相关知识和最新进展,包括神舟号载人飞船、长征系列运载火箭、中国航天员、中国航天港及天空试验等。 |
| ● |
| 相关链接 |
|
|
|
正题名:中国神州
索取号:V476.2/Z655
 
预约/预借
| 序号 | 登录号 | 条形码 | 馆藏地/架位号 | 状态 | 备注 |
| 1 | 293871 | 202938713 | 期刊室512/501自科库 90排1列5层/ [索取号:V476.2/Z655] | 在馆 | |
| 2 | 293872 | 202938722 | 自科库501/501自科库 90排1列5层/ [索取号:V476.2/Z655] | 在馆 | |
| 3 | 293873 | 202938731 | 自科库501/501自科库 90排1列5层/ [索取号:V476.2/Z655] | 在馆 |